00817ncm a22002055a 4500001001100000005001700011008004100028080002000069100003500089245010200124254002300226260004400249300006600293490005600359500001800415500011600433500002600549650002500575852001100600C00011481c20241029143126.0950810s1891 ddrmtb n 1 ger d a785.74:787.1/.31 aSchumann, Robert (d1810-1856)10aQuartett nº 1 A-moll, op. 41 b: für 2 Violinen, Viola und Violoncell / cvon Robert Schumann. a[Kleine Partitur]. aLeipzig : bErnst Eulenburg, c[d.1891] aPartitura (32 p.) ; c19 cm + eFolleto propaganda editorial.0 aPayne's kleine Partitur Ausgabe. Kammermusik ; v74 aN. pl.: 1174. aFecha de publicación tomada de "The new Grove dictionary of music and musicians", vol. 6, Stanley Sadie 1980. aLegado Pérez Casas.14aCuartetos de Cuerda. jM-2394